000 00524nam a2200169Ia 4500
008 090201s9999 xx 000 0 und d
010 _aKPL-53460
040 _bमराठी
041 _aमराठी
082 _a13229
_b53460
100 _aयु म पठाण
245 _aमराठवाडी माणसं
_cयु म पठाण
260 _c2004
_bअनुपम प्रकाशन
300 _a122
_bमोठा
600 _aमराठवाडी माणसं
942 _cBOOK
999 _c213445
_d213445